| 000 | 00000nam 2200000za 4500 |
| 001 | 9.698434 |
| 003 | CaOODSP |
| 005 | 20221107134524 |
| 007 | cr ||||||||||| |
| 008 | 150407s1995 onc||||#o i00| 0 eng d |
| 040 | |aCaOODSP|beng |
| 043 | |an-cn--- |
| 086 | 1 |aE100-2/1-94-1904-02E-PDF |
| 110 | 2 |aNAFTA Secretariat. |
| 245 | 10|aIn the matter of synthetic baler twine with a knot strength of 200 lbs or less, originating in or exported from the United States of America|h[electronic resource] :|bdecision of the panel |
| 246 | 3 |aArticle 1904 Binational Panel review under the North American Free Trade Agreement |
| 260 | |a[Ottawa : |bThe Secretariat],|c1995. |
| 300 | |a38p.|breferences |
| 590 | |a13-21-Supp|b2013-09-16 |
| 690 | 07|aArbitration|2gcpds |
| 690 | 07|aFree trade|2gcpds |
| 690 | 07|aAnti-dumping|2gcpds |
| 690 | 07|aIndustrial products|2gcpds |
| 775 | 08|tDans l'affaire de: ficelle synthétique pour ramasseuse-presse avec une résistance à la tension de 200 lb ou moins, originaire ou exportée des États-Unis d'Amérique : |w(CaOODSP)9.642441 |
| 856 | 40|ahttp://publications.gc.ca|qPDF|s109 KB|uhttps://publications.gc.ca/collections/Collection/E100-2-1-94-1904-02E.pdf |
| 986 | |aCDA-94-1904-02 |